Welcome to CU Library Online Public Access Catalogue (OPAC)

Group work : (Record no. 4393)

MARC details
000 -LEADER
fixed length control field 00597cam a2200205 a 4500
001 - CONTROL NUMBER
control field 12604103
005 - DATE AND TIME OF LATEST TRANSACTION
control field 20250226194813.0
008 - FIXED-LENGTH DATA ELEMENTS--GENERAL INFORMATION
fixed length control field 011130s2003 njua b 001 0 eng
020 ## - INTERNATIONAL STANDARD BOOK NUMBER
International Standard Book Number 0130613053
050 00 - LIBRARY OF CONGRESS CALL NUMBER
Classification number BF637.C6
Item number G5334 2003
082 00 - DEWEY DECIMAL CLASSIFICATION NUMBER
Classification number 158/.35
Edition information 21
100 1# - MAIN ENTRY--PERSONAL NAME
Personal name Gladding, Samuel T.
245 10 - TITLE STATEMENT
Title Group work :
Remainder of title a counseling specialty /
Statement of responsibility, etc. Samuel T. Gladding.
250 ## - EDITION STATEMENT
Edition statement 4th ed.
260 ## - PUBLICATION, DISTRIBUTION, ETC.
Place of publication, distribution, etc. Upper Saddle River, N.J. :
Name of publisher, distributor, etc. Merrill Prentice Hall,
Date of publication, distribution, etc. c2003.
300 ## - PHYSICAL DESCRIPTION
Extent xxi, 537 p. :
Other physical details ill. ;
Dimensions 25 cm.
500 ## - GENERAL NOTE
General note Includes Index
650 #0 - SUBJECT ADDED ENTRY--TOPICAL TERM
Topical term or geographic name entry element Group counseling.
942 ## - ADDED ENTRY ELEMENTS (KOHA)
Source of classification or shelving scheme Library of Congress Classification
Koha item type Books
Suppress in OPAC No
999 ## -
-- 4393
-- 4393
Holdings
Withdrawn status Lost status Source of classification or shelving scheme Damaged status Not for loan Collection Home library Current library Shelving location Date acquired Total checkouts Full call number Barcode Date last seen Copy number Price effective from Koha item type
    Library of Congress Classification     Non-fiction Business Library (Miotso) Business Library (Miotso) General stacks 02/26/2025   BF637.C6 GLA BSSM00001044 02/26/2025 1 02/26/2025 Books
© 2023-2024 Copyright: Central University Libraries. All Rights Reserved | Created by: Mahone Tech Office